| 000 | 01001naa a22002777a 4500 | ||
|---|---|---|---|
| 001 | BR2019000033 | ||
| 003 | BR-BrBNA | ||
| 005 | 20240918181946.0 | ||
| 007 | ta | ||
| 008 | 230509b bl.||||| |||| 00| 0 por d | ||
| 040 |
_aBR-BrBNA _bpor _cBiblioteca Nacional de Agricultura |
||
| 041 | _a(Pt) | ||
| 072 | _aB50; F30 | ||
| 090 | _aB50 BR2019000033 | ||
| 100 | 1 | _aCampos, M.S. | |
| 245 | 1 | _aA iniciativa privada no melhoramento de plantas no Brasil | |
| 250 | 1 | _a2. ed. | |
| 260 | 3 |
_aViçosa, MG (Brasil): _c2005. |
|
| 500 | _aBorém, A. (ed.) Melhoramento de espécies cultivadas 2. ed. Viçosa, MG (Brasil): 2005. p. 961-969 (BR2019000033-AM)B50 | ||
| 650 | _aHISTÓRIA | ||
| 650 | _aMELHORAMENTO GENÉTICO VEGETAL | ||
| 650 | _aSETOR PRIVADO | ||
| 773 | 0 |
_tMelhoramento de espécies cultivadas _aBorém, A. (ed.). Universidade Federal de Viçosa, MG (Brasil) _wB50 BR2019000033 _gViçosa, MG (Brasil), 2005. p. 961-969 |
|
| 909 |
_a202404 _bLucia _c55 _dLucia Elande |
||
| 942 |
_cAM _2AGRIS |
||
| 999 |
_c327704 _d327704 |
||